The secret spirit of the Andes / (Registro nro. 9915)

Detalles MARC
000 -LEADER
fixed length control field 00834njm a2200313 4500
001 - CONTROL NUMBER
control field 0700536
003 - CONTROL NUMBER IDENTIFIER
control field DO-SdBNP
005 - DATE AND TIME OF LATEST TRANSACTION
control field 20180301141723.0
007 - PHYSICAL DESCRIPTION FIXED FIELD--GENERAL INFORMATION
fixed length control field 0700536
008 - FIXED-LENGTH DATA ELEMENTS--GENERAL INFORMATION
fixed length control field 030715s1999 sp fm 1
015 ## - NATIONAL BIBLIOGRAPHY NUMBER
National bibliography number SON99
016 7# - NATIONAL BIBLIOGRAPHIC AGENCY CONTROL NUMBER
Record control number
017 ## - COPYRIGHT OR LEGAL DEPOSIT NUMBER
Copyright or legal deposit number
Assigning agency
028 #0 - PUBLISHER NUMBER
Publisher number
035 ## - SYSTEM CONTROL NUMBER
System control number
040 ## - CATALOGING SOURCE
Original cataloging agency BPMSU
Language of cataloging spa
Transcribing agency BMSU
Description conventions
084 ## - OTHER CLASSIFICATION NUMBER
Classification number
Number source
100 1# - MAIN ENTRY--PERSONAL NAME
Personal name Clark, Ann Nolan
245 14 - TITLE STATEMENT
Title The secret spirit of the Andes /
Statement of responsibility, etc. Ann Nolan Clark, drawings jan charlot
Number of part/section of a work
Medium
260 ## - PUBLICATION, DISTRIBUTION, ETC. (IMPRINT)
Place of publication, distribution, etc. New York :
Name of publisher, distributor, etc. Muffin Book,
Date of publication, distribution, etc. 1999
300 ## - PHYSICAL DESCRIPTION
Extent 120 p. :
Other physical details il. ;
Dimensions 21 cm.
490 1# - SERIES STATEMENT
Series statement Puffin newbery library
511 1# - PARTICIPANT OR PERFORMER NOTE
Participant or performer note Takanas
650 #7 - SUBJECT ADDED ENTRY--TOPICAL TERM
Topical term or geographic name as entry element Música
Geographic subdivision Andes (Región)
Source of heading or term embne
830 #0 - SERIES ADDED ENTRY--UNIFORM TITLE
Uniform title Puffin newbery library
942 ## - ADDED ENTRY ELEMENTS (KOHA)
Source of classification or shelving scheme Dewey Decimal Classification
Koha item type Libros
945 ## - LOCAL PROCESSING INFORMATION (OCLC)
a Inventariado, 2018 /LP
956 ## - LOCAL ELECTRONIC LOCATION AND ACCESS (OCLC)
Host name VMATEO
Access method 10
Materials specified 20160425
Linkage BPMSU
Field link and sequence number 0069
Existencias
Withdrawn status Lost status Source of classification or shelving scheme Damaged status Not for loan Collection code Home library Current library Date acquired Source of acquisition Total Checkouts Barcode Date last seen Price effective from Koha item type
    Dewey Decimal Classification     Colección General Biblioteca Pública Metropolitana Salomé Ureña Biblioteca Pública Metropolitana Salomé Ureña 04/25/2016 FUNDI   BPMSU16040680 04/25/2016 04/25/2016 Libros